[Event "Deutsche Ländermeisterschaft 2025"]
[Site "Oer-Erkenschwick GER"]
[Date "2025.10.01"]
[Round "1"]
[White "Classen, Meara"]
[Black "Göb, Franziska"]
[Result "0-1"]
[Termination "normal"]
[Board "8.8"]
[WhiteElo "1520"]
[BlackElo "1683"]
[WhiteClock "00:17:04"]
[BlackClock "00:18:19"]
[WhiteTeam "Saarland & Friends"]
[BlackTeam "Nordrhein-Westfalen 2"]
[PlyCount "130"]
[WhiteFideId "34626956"]
[BlackFideId "16293177"]
[EventCountry "GER"]
[EventRounds "7"]
[EventType "team-swiss"]
[EventDate "2025.09.30"]

1. e4 {[%clk 01:30:57]} {[%emt 00:00:03]} e5 {[%clk 01:30:55]} {[%emt
00:00:05]} 2. Nf3 {[%clk 01:31:17]} {[%emt 00:00:09]} Nc6 {[%clk 01:31:21]}
{[%emt 00:00:05]} 3. Bc4 {[%clk 01:31:02]} {[%emt 00:00:44]} Bc5 {[%clk
01:31:41]} {[%emt 00:00:10]} 4. c3 {[%clk 01:30:59]} {[%emt 00:00:33]} Nf6
{[%clk 01:32:04]} {[%emt 00:00:07]} 5. d4 {[%clk 01:30:40]} {[%emt 00:00:49]}
exd4 {[%clk 01:32:26]} {[%emt 00:00:08]} 6. e5 {[%clk 01:30:05]} {[%emt
00:01:05]} d5 {[%clk 01:31:53]} {[%emt 00:01:03]} 7. Bb5 {[%clk 01:30:23]}
{[%emt 00:00:12]} Ne4 {[%clk 01:26:33]} {[%emt 00:05:51]} 8. cxd4 {[%clk
01:30:19]} {[%emt 00:00:33]} Bb4+ {[%clk 01:22:49]} {[%emt 00:04:14]} 9. Bd2
{[%clk 01:29:55]} {[%emt 00:00:53]} Nxd2 {[%clk 01:17:51]} {[%emt 00:05:29]}
10. Nbxd2 {[%clk 01:29:53]} {[%emt 00:00:32]} O-O {[%clk 01:12:20]} {[%emt
00:06:01]} 11. O-O {[%clk 01:24:11]} {[%emt 00:06:11]} Ne7 {[%clk 01:05:44]}
{[%emt 00:07:07]} 12. a3 {[%clk 01:22:23]} {[%emt 00:02:19]} Ba5 {[%clk
00:59:24]} {[%emt 00:06:48]} 13. a4 {[%clk 01:15:44]} {[%emt 00:07:09]} c6
{[%clk 00:54:42]} {[%emt 00:05:12]} 14. Bd3 {[%clk 01:13:58]} {[%emt 00:02:15]}
h6 {[%clk 00:41:57]} {[%emt 00:13:17]} 15. Nb3 {[%clk 01:06:30]} {[%emt
00:07:59]} Bg4 {[%clk 00:35:08]} {[%emt 00:07:18]} 16. Nxa5 {[%clk 00:59:58]}
{[%emt 00:07:03]} Qxa5 {[%clk 00:35:27]} {[%emt 00:00:11]} 17. Rb1 {[%clk
01:00:05]} {[%emt 00:00:23]} Qb4 {[%clk 00:27:30]} {[%emt 00:08:26]} 18. Qd2
{[%clk 00:57:47]} {[%emt 00:02:48]} Qb6 {[%clk 00:18:42]} {[%emt 00:09:18]} 19.
h3 {[%clk 00:55:29]} {[%emt 00:02:46]} Bxf3 {[%clk 00:16:50]} {[%emt 00:02:25]}
20. gxf3 {[%clk 00:55:44]} {[%emt 00:00:14]} Ng6 {[%clk 00:13:08]} {[%emt
00:04:12]} 21. Bxg6 {[%clk 00:54:18]} {[%emt 00:01:56]} fxg6 {[%clk 00:13:30]}
{[%emt 00:00:08]} 22. Qd3 {[%clk 00:52:00]} {[%emt 00:02:47]} Rf5 {[%clk
00:12:00]} {[%emt 00:02:00]} 23. Kh2 {[%clk 00:50:30]} {[%emt 00:01:59]} Qc7
{[%clk 00:10:53]} {[%emt 00:01:37]} 24. Rg1 {[%clk 00:48:50]} {[%emt 00:02:11]}
Qf7 {[%clk 00:09:52]} {[%emt 00:01:32]} 25. Rg3 {[%clk 00:47:31]} {[%emt
00:01:49]} Rf8 {[%clk 00:08:36]} {[%emt 00:01:46]} 26. Rf1 {[%clk 00:46:01]}
{[%emt 00:02:00]} g5 {[%clk 00:06:12]} {[%emt 00:02:54]} 27. Kg2 {[%clk
00:45:45]} {[%emt 00:00:46]} h5 {[%clk 00:04:31]} {[%emt 00:02:11]} 28. h4
{[%clk 00:37:48]} {[%emt 00:08:27]} gxh4 {[%clk 00:04:01]} {[%emt 00:01:00]}
29. Rh3 {[%clk 00:37:53]} {[%emt 00:00:22]} Rg5+ {[%clk 00:03:25]} {[%emt
00:01:08]} 30. Kh2 {[%clk 00:37:18]} {[%emt 00:00:50]} Qf4+ {[%clk 00:03:16]}
{[%emt 00:00:54]} 31. Kh1 {[%clk 00:35:31]} {[%emt 00:02:13]} Qf5 {[%clk
00:01:52]} {[%emt 00:01:58]} 32. Qxf5 {[%clk 00:35:28]} {[%emt 00:00:34]} Rgxf5
{[%clk 00:01:47]} {[%emt 00:00:35]} 33. Rxh4 {[%clk 00:35:30]} {[%emt
00:00:27]} Rxf3 {[%clk 00:02:07]} {[%emt 00:00:10]} 34. Rh2 {[%clk 00:34:56]}
{[%emt 00:01:04]} R3f4 {[%clk 00:01:55]} {[%emt 00:00:42]} 35. Rd1 {[%clk
00:31:42]} {[%emt 00:03:44]} Rxf2 {[%clk 00:01:25]} {[%emt 00:01:01]} 36. Rxh5
{[%clk 00:27:16]} {[%emt 00:04:56]} Rxb2 {[%clk 00:01:22]} {[%emt 00:00:33]}
37. Re1 {[%clk 00:26:37]} {[%emt 00:01:08]} Rbf2 {[%clk 00:01:08]} {[%emt
00:00:45]} 38. Rg5 {[%clk 00:23:24]} {[%emt 00:03:43]} Rf1+ {[%clk 00:00:53]}
{[%emt 00:00:45]} 39. Rg1 {[%clk 00:23:12]} {[%emt 00:00:41]} Rxg1+ {[%clk
00:01:01]} {[%emt 00:00:23]} 40. Kxg1 {[%clk 00:23:05]} {[%emt 00:00:37]} Rf4
{[%clk 00:01:03]} {[%emt 00:00:28]} 41. e6 {[%clk 00:22:05]} {[%emt 00:01:31]}
Re4 {[%clk 00:27:47]} {[%emt 00:03:46]} 42. Rb1 {[%clk 00:50:02]} {[%emt
00:02:33]} b6 {[%clk 00:27:54]} {[%emt 00:00:23]} 43. a5 {[%clk 00:41:35]}
{[%emt 00:08:57]} Rxe6 {[%clk 00:26:50]} {[%emt 00:01:33]} 44. axb6 {[%clk
00:41:50]} {[%emt 00:00:16]} axb6 {[%clk 00:27:15]} {[%emt 00:00:05]} 45. Rxb6
{[%clk 00:42:11]} {[%emt 00:00:09]} Kf7 {[%clk 00:27:19]} {[%emt 00:00:25]} 46.
Kf2 {[%clk 00:39:34]} {[%emt 00:03:07]} g5 {[%clk 00:27:06]} {[%emt 00:00:45]}
47. Kf3 {[%clk 00:37:55]} {[%emt 00:02:07]} Kf6 {[%clk 00:23:09]} {[%emt
00:04:27]} 48. Kf2 {[%clk 00:31:59]} {[%emt 00:06:22]} Kf5 {[%clk 00:23:00]}
{[%emt 00:00:44]} 49. Kf3 {[%clk 00:31:36]} {[%emt 00:00:51]} g4+ {[%clk
00:22:50]} {[%emt 00:00:41]} 50. Kg3 {[%clk 00:27:33]} {[%emt 00:04:33]} Re3+
{[%clk 00:20:04]} {[%emt 00:03:15]} 51. Kg2 {[%clk 00:27:23]} {[%emt 00:00:41]}
Rc3 {[%clk 00:18:17]} {[%emt 00:02:17]} 52. Kf2 {[%clk 00:25:35]} {[%emt
00:02:18]} g3+ {[%clk 00:17:57]} {[%emt 00:00:50]} 53. Kg2 {[%clk 00:24:45]}
{[%emt 00:01:15]} Kf4 {[%clk 00:17:42]} {[%emt 00:00:50]} 54. Ra6 {[%clk
00:23:24]} {[%emt 00:01:53]} Rc2+ {[%clk 00:17:50]} {[%emt 00:00:21]} 55. Kg1
{[%clk 00:22:49]} {[%emt 00:01:03]} g2 {[%clk 00:18:03]} {[%emt 00:00:18]} 56.
Ra1 {[%clk 00:21:19]} {[%emt 00:02:00]} Ke3 {[%clk 00:17:55]} {[%emt 00:00:38]}
57. Rd1 {[%clk 00:19:12]} {[%emt 00:02:38]} Rd2 {[%clk 00:15:51]} {[%emt
00:02:33]} 58. Rxd2 {[%clk 00:19:10]} {[%emt 00:00:34]} Kxd2 {[%clk 00:16:15]}
{[%emt 00:00:05]} 59. Kxg2 {[%clk 00:19:25]} {[%emt 00:00:14]} Kd3 {[%clk
00:16:41]} {[%emt 00:00:05]} 60. Kf2 {[%clk 00:19:21]} {[%emt 00:00:33]} Kxd4
{[%clk 00:17:02]} {[%emt 00:00:09]} 61. Ke2 {[%clk 00:18:08]} {[%emt 00:01:43]}
Kc3 {[%clk 00:17:19]} {[%emt 00:00:12]} 62. Kd1 {[%clk 00:17:40]} {[%emt
00:00:58]} Kb2 {[%clk 00:17:09]} {[%emt 00:00:41]} 63. Kd2 {[%clk 00:16:46]}
{[%emt 00:01:24]} c5 {[%clk 00:17:30]} {[%emt 00:00:10]} 64. Kd3 {[%clk
00:16:58]} {[%emt 00:00:17]} c4+ {[%clk 00:17:53]} {[%emt 00:00:08]} 65. Kd4
{[%clk 00:17:04]} {[%emt 00:00:23]} c3 {[%clk 00:18:19]} {[%emt 00:00:05]} 0-1

[Event "Deutsche Ländermeisterschaft 2025"]
[Site "Oer-Erkenschwick GER"]
[Date "2025.10.01"]
[Round "1"]
[White "Reyes-Mantilla, Andrés Mauricio"]
[Black "Nunez Grégoire, Daniel"]
[Result "1-0"]
[Termination "normal"]
[Board "9.1"]
[WhiteElo "2047"]
[BlackElo "2245"]
[WhiteClock "00:00:57"]
[BlackClock "00:00:41"]
[WhiteTeam "Hamburg 2"]
[BlackTeam "Württemberg"]
[PlyCount "65"]
[WhiteFideId "4467248"]
[BlackFideId "34627103"]
[EventCountry "GER"]
[EventRounds "7"]
[EventType "team-swiss"]
[EventDate "2025.09.30"]

1. c4 {[%clk 01:28:54]} {[%emt 00:02:05]} e6 {[%emt 00:00:40]} 2. Nf3 {[%clk
01:28:50]} {[%emt 00:00:01]} Nf6 {[%clk 01:30:24]} {[%emt 00:00:58]} 3. b3
{[%clk 01:28:39]} {[%emt 00:00:41]} d5 {[%clk 01:30:07]} {[%emt 00:00:48]} 4.
e3 {[%clk 01:28:10]} {[%emt 00:00:59]} Bd6 {[%clk 01:30:01]} {[%emt 00:00:36]}
5. Bb2 {[%clk 01:28:02]} {[%emt 00:00:37]} c6 {[%clk 01:29:48]} {[%emt
00:00:44]} 6. Qc2 {[%clk 01:25:50]} {[%emt 00:02:41]} O-O {[%clk 01:28:03]}
{[%emt 00:02:15]} 7. Rg1 {[%clk 01:05:33]} {[%emt 00:20:47]} Qe7 {[%clk
01:21:56]} {[%emt 00:06:38]} 8. g4 {[%clk 01:02:46]} {[%emt 00:03:17]} e5
{[%clk 01:19:35]} {[%emt 00:02:51]} 9. g5 {[%clk 01:01:46]} {[%emt 00:01:30]}
Nfd7 {[%clk 01:14:40]} {[%emt 00:05:24]} 10. cxd5 {[%clk 00:56:00]} {[%emt
00:06:17]} cxd5 {[%clk 01:12:45]} {[%emt 00:02:26]} 11. Nc3 {[%clk 00:56:03]}
{[%emt 00:00:25]} Nb6 {[%clk 01:09:20]} {[%emt 00:03:56]} 12. Nb5 {[%clk
00:48:56]} {[%emt 00:07:36]} Nc6 {[%clk 01:05:02]} {[%emt 00:04:48]} 13. Nxd6
{[%clk 00:48:50]} {[%emt 00:00:36]} Qxd6 {[%clk 01:05:03]} {[%emt 00:00:30]}
14. Bb5 {[%clk 00:42:17]} {[%emt 00:07:03]} Re8 {[%clk 01:01:32]} {[%emt
00:04:01]} 15. Rc1 {[%clk 00:33:03]} {[%emt 00:09:44]} Bd7 {[%clk 00:43:48]}
{[%emt 00:18:14]} 16. Qb1 {[%clk 00:29:46]} {[%emt 00:03:46]} e4 {[%clk
00:33:30]} {[%emt 00:10:49]} 17. Bxc6 {[%clk 00:26:19]} {[%emt 00:03:56]} bxc6
{[%clk 00:31:07]} {[%emt 00:02:53]} 18. Nd4 {[%clk 00:26:08]} {[%emt 00:00:41]}
c5 {[%clk 00:24:32]} {[%emt 00:07:05]} 19. Ne2 {[%clk 00:24:41]} {[%emt
00:01:58]} Bb5 {[%clk 00:22:07]} {[%emt 00:02:55]} 20. Qc2 {[%clk 00:17:52]}
{[%emt 00:07:19]} Bxe2 {[%clk 00:18:39]} {[%emt 00:03:58]} 21. Kxe2 {[%clk
00:17:35]} {[%emt 00:00:47]} Rac8 {[%clk 00:16:58]} {[%emt 00:02:10]} 22. d3
{[%clk 00:10:59]} {[%emt 00:07:06]} Qxh2 {[%clk 00:13:56]} {[%emt 00:03:32]}
23. Rg4 {[%clk 00:02:54]} {[%emt 00:08:35]} Qh5 {[%clk 00:12:15]} {[%emt
00:02:11]} 24. Rcg1 {[%clk 00:03:09]} {[%emt 00:00:15]} exd3+ {[%clk 00:11:26]}
{[%emt 00:01:19]} 25. Qxd3 {[%clk 00:01:16]} {[%emt 00:02:23]} Re4 {[%clk
00:10:29]} {[%emt 00:01:27]} 26. Kf3 {[%clk 00:01:43]} {[%emt 00:00:03]} c4
{[%clk 00:08:26]} {[%emt 00:02:33]} 27. bxc4 {[%clk 00:01:07]} {[%emt
00:01:06]} Rcxc4 {[%clk 00:04:04]} {[%emt 00:04:52]} 28. Bd4 {[%clk 00:01:15]}
{[%emt 00:00:22]} Qh3+ {[%clk 00:02:55]} {[%emt 00:01:40]} 29. R4g3 {[%clk
00:00:50]} {[%emt 00:00:55]} Qf5+ {[%clk 00:00:55]} {[%emt 00:02:29]} 30. Kg2
{[%clk 00:01:07]} {[%emt 00:00:13]} Qd7 {[%clk 00:00:46]} {[%emt 00:00:39]} 31.
Rh1 {[%clk 00:01:11]} {[%emt 00:00:26]} Qe7 {[%clk 00:00:42]} {[%emt 00:00:34]}
32. f3 {[%clk 00:00:38]} {[%emt 00:01:02]} Re6 {[%clk 00:00:41]} {[%emt
00:00:32]} 33. Qxh7+ {[%clk 00:00:57]} {[%emt 00:00:12]} 1-0

[Event "Deutsche Ländermeisterschaft 2025"]
[Site "Oer-Erkenschwick GER"]
[Date "2025.10.01"]
[Round "1"]
[White "Yasmo, Daniil"]
[Black "Tietz, Bennit"]
[Result "1/2-1/2"]
[Termination "normal"]
[Board "9.2"]
[WhiteElo "2095"]
[BlackElo "2036"]
[WhiteClock "00:08:12"]
[BlackClock "00:01:14"]
[WhiteTeam "Württemberg"]
[BlackTeam "Hamburg 2"]
[PlyCount "79"]
[WhiteFideId "14199165"]
[BlackFideId "16286936"]
[EventCountry "GER"]
[EventRounds "7"]
[EventType "team-swiss"]
[EventDate "2025.09.30"]

1. e4 {[%clk 01:30:58]} c5 {[%clk 01:30:43]} {[%emt 00:00:18]} 2. Nf3 {[%clk
01:31:23]} {[%emt 00:00:05]} a6 {[%clk 01:31:01]} {[%emt 00:00:12]} 3. c4
{[%clk 01:31:49]} {[%emt 00:00:04]} Nc6 {[%clk 01:31:11]} {[%emt 00:00:20]} 4.
d4 {[%clk 01:32:15]} {[%emt 00:00:04]} cxd4 {[%clk 01:31:19]} {[%emt 00:00:21]}
5. Nxd4 {[%clk 01:32:43]} {[%emt 00:00:03]} Nf6 {[%clk 01:31:30]} {[%emt
00:00:19]} 6. Nc3 {[%clk 01:33:09]} {[%emt 00:00:05]} e5 {[%clk 01:31:23]}
{[%emt 00:00:37]} 7. Nf5 {[%clk 01:33:34]} {[%emt 00:00:04]} d5 {[%clk
01:31:16]} {[%emt 00:00:37]} 8. cxd5 {[%clk 01:33:51]} {[%emt 00:00:14]} Bxf5
{[%clk 01:31:25]} {[%emt 00:00:20]} 9. exf5 {[%clk 01:34:16]} {[%emt 00:00:05]}
Nd4 {[%clk 01:31:34]} {[%emt 00:00:21]} 10. g4 {[%clk 01:34:13]} {[%emt
00:00:33]} h5 {[%clk 01:30:15]} {[%emt 00:01:49]} 11. g5 {[%clk 01:28:22]}
{[%emt 00:06:21]} Nxd5 {[%clk 01:28:42]} 12. Bg2 {[%clk 01:28:44]} {[%emt
00:02:11]} Bb4 {[%clk 01:28:08]} 13. Bd2 {[%clk 01:23:28]} {[%emt 00:06:51]}
Nf4 {[%clk 01:23:28]} {[%emt 00:05:10]} 14. Be4 {[%clk 01:15:57]} {[%emt
00:08:01]} Qd7 {[%clk 00:38:50]} {[%emt 00:45:07]} 15. a3 {[%clk 01:08:18]}
{[%emt 00:08:09]} Bxc3 {[%clk 00:30:05]} {[%emt 00:09:15]} 16. bxc3 {[%clk
01:01:34]} {[%emt 00:07:13]} Nc6 {[%clk 00:28:12]} {[%emt 00:02:23]} 17. Be3
{[%clk 00:58:10]} {[%emt 00:03:54]} Rd8 {[%clk 00:18:22]} {[%emt 00:10:20]} 18.
Qf3 {[%clk 00:54:49]} {[%emt 00:03:50]} Qc7 {[%clk 00:13:48]} {[%emt 00:05:06]}
19. Rb1 {[%clk 00:51:37]} {[%emt 00:03:42]} Rd6 {[%clk 00:12:46]} {[%emt
00:01:32]} 20. O-O {[%clk 00:46:15]} {[%emt 00:05:51]} Na5 {[%emt 00:05:59]}
21. Bxf4 {[%clk 00:42:51]} {[%emt 00:01:48]} exf4 {[%clk 00:09:05]} {[%emt
00:00:48]} 22. Qxf4 {[%clk 00:43:03]} {[%emt 00:00:18]} O-O {[%clk 00:08:08]}
{[%emt 00:01:28]} 23. Bd5 {[%clk 00:37:02]} {[%emt 00:06:30]} Qc5 {[%clk
00:06:26]} 24. c4 {[%clk 00:37:14]} {[%emt 00:02:30]} Nxc4 {[%emt 00:19:44]}
25. Bxc4 {[%clk 00:20:01]} {[%emt 00:00:03]} Rd4 {[%clk 00:04:44]} {[%emt
00:00:38]} 26. Qf3 {[%clk 00:14:56]} {[%emt 00:05:35]} Qxc4 {[%clk 00:01:56]}
{[%emt 00:03:18]} 27. Rb4 {[%clk 00:14:09]} {[%emt 00:01:17]} Qd5 {[%clk
00:00:53]} {[%emt 00:01:33]} 28. Kg2 {[%clk 00:10:31]} {[%emt 00:04:07]} Rd3
{[%clk 00:00:48]} {[%emt 00:00:35]} 29. Qxd5 {[%clk 00:10:50]} {[%emt
00:00:11]} Rxd5 {[%clk 00:01:18]} {[%emt 00:00:01]} 30. Rxb7 {[%clk 00:09:43]}
{[%emt 00:01:37]} Rxf5 {[%clk 00:01:45]} {[%emt 00:00:03]} 31. f4 {[%clk
00:10:08]} {[%emt 00:00:04]} Ra5 {[%clk 00:01:37]} {[%emt 00:00:38]} 32. Rf3
{[%clk 00:10:26]} {[%emt 00:00:12]} g6 {[%clk 00:01:22]} {[%emt 00:00:46]} 33.
Rb6 {[%clk 00:07:36]} {[%emt 00:03:20]} Rc8 {[%clk 00:01:19]} {[%emt 00:00:32]}
34. Rf6 {[%clk 00:06:54]} {[%emt 00:01:13]} Rc2+ {[%clk 00:01:09]} {[%emt
00:00:39]} 35. Kg3 {[%clk 00:07:10]} {[%emt 00:00:14]} Ra2 {[%clk 00:00:46]}
{[%emt 00:00:54]} 36. f5 {[%clk 00:07:01]} {[%emt 00:00:39]} gxf5 {[%clk
00:00:51]} {[%emt 00:00:25]} 37. R6xf5 {[%clk 00:07:02]} {[%emt 00:00:28]} Rxf5
{[%clk 00:01:09]} {[%emt 00:00:12]} 38. Rxf5 {[%clk 00:07:29]} {[%emt
00:00:03]} Rxa3+ {[%clk 00:01:24]} {[%emt 00:00:15]} 39. Kh4 {[%clk 00:07:53]}
{[%emt 00:00:05]} Kg7 {[%clk 00:01:14]} {[%emt 00:00:41]} 40. Kg4 {[%clk
00:08:12]} {[%emt 00:01:40]} 1/2-1/2

[Event "Deutsche Ländermeisterschaft 2025"]
[Site "Oer-Erkenschwick GER"]
[Date "2025.10.01"]
[Round "1"]
[White "Derhay, Davyd"]
[Black "Ensslinger, Colin"]
[Result "1-0"]
[Termination "normal"]
[Board "9.3"]
[WhiteElo "1756"]
[BlackElo "2095"]
[WhiteClock "00:10:29"]
[BlackClock "00:00:44"]
[WhiteTeam "Hamburg 2"]
[BlackTeam "Württemberg"]
[PlyCount "77"]
[WhiteFideId "34130624"]
[BlackFideId "16226011"]
[EventCountry "GER"]
[EventRounds "7"]
[EventType "team-swiss"]
[EventDate "2025.09.30"]

1. e4 {[%clk 01:30:58]} {[%emt 00:00:02]} e5 {[%clk 01:30:54]} {[%emt
00:00:06]} 2. Nf3 {[%clk 01:31:22]} {[%emt 00:00:06]} Nc6 {[%clk 01:31:18]}
{[%emt 00:00:05]} 3. Bc4 {[%clk 01:31:50]} {[%emt 00:00:04]} Nf6 {[%clk
01:31:41]} {[%emt 00:00:06]} 4. d3 {[%clk 01:32:15]} {[%emt 00:00:05]} Bc5
{[%clk 01:32:06]} {[%emt 00:00:05]} 5. Nc3 {[%clk 01:32:39]} {[%emt 00:00:08]}
h6 {[%clk 01:30:20]} {[%emt 00:02:15]} 6. h3 {[%clk 01:31:44]} {[%emt
00:01:25]} a6 {[%clk 01:29:57]} {[%emt 00:00:52]} 7. a3 {[%clk 01:31:47]}
{[%emt 00:00:27]} d6 {[%clk 01:30:07]} {[%emt 00:00:20]} 8. O-O {[%clk
01:31:27]} {[%emt 00:00:51]} Be6 {[%clk 01:25:45]} {[%emt 00:04:51]} 9. Bd5
{[%clk 01:25:50]} {[%emt 00:06:07]} Qd7 {[%clk 01:21:26]} {[%emt 00:04:49]} 10.
Bxe6 {[%clk 01:24:13]} {[%emt 00:02:08]} fxe6 {[%clk 01:20:33]} {[%emt
00:01:22]} 11. Be3 {[%clk 01:22:54]} {[%emt 00:01:50]} Ba7 {[%clk 01:20:22]}
{[%emt 00:00:41]} 12. Bxa7 {[%clk 01:22:47]} {[%emt 00:00:37]} Rxa7 {[%clk
01:19:44]} {[%emt 00:01:07]} 13. d4 {[%clk 01:22:39]} {[%emt 00:00:39]} exd4
{[%clk 01:19:40]} {[%emt 00:00:33]} 14. Nxd4 {[%clk 01:23:03]} {[%emt
00:00:07]} e5 {[%clk 01:19:43]} {[%emt 00:00:26]} 15. Nxc6 {[%clk 01:14:22]}
{[%emt 00:09:11]} bxc6 {[%clk 01:19:08]} {[%emt 00:01:05]} 16. Qe2 {[%clk
01:08:54]} {[%emt 00:05:58]} O-O {[%clk 01:14:35]} {[%emt 00:05:01]} 17. Rad1
{[%clk 01:06:04]} {[%emt 00:03:22]} Qe6 {[%clk 01:14:33]} {[%emt 00:00:32]} 18.
Rfe1 {[%clk 01:05:44]} {[%emt 00:00:50]} a5 {[%clk 01:11:54]} {[%emt 00:03:09]}
19. b3 {[%clk 01:05:22]} {[%emt 00:00:52]} Kh7 {[%clk 01:07:36]} {[%emt
00:04:47]} 20. Rd3 {[%clk 01:03:39]} {[%emt 00:02:13]} Raa8 {[%clk 01:05:39]}
{[%emt 00:02:27]} 21. Re3 {[%clk 01:01:57]} {[%emt 00:02:13]} Rf7 {[%clk
01:00:15]} {[%emt 00:05:54]} 22. Rf3 {[%clk 00:59:38]} {[%emt 00:02:49]} Raf8
{[%clk 00:54:19]} {[%emt 00:06:26]} 23. Nd1 {[%clk 00:51:58]} {[%emt 00:08:10]}
Qe8 {[%clk 00:38:51]} {[%emt 00:15:58]} 24. Nc3 {[%clk 00:41:24]} {[%emt
00:11:04]} Nh5 {[%clk 00:32:20]} {[%emt 00:07:00]} 25. Rxf7 {[%clk 00:40:53]}
{[%emt 00:01:01]} Qxf7 {[%clk 00:32:42]} {[%emt 00:00:08]} 26. g3 {[%emt
00:01:31]} g6 {[%emt 00:05:08]} 27. Qd2 {[%emt 00:05:09]} Qe6 {[%emt 00:02:46]}
28. Kg2 {[%clk 00:36:31]} {[%emt 00:00:56]} Nf6 {[%clk 00:20:35]} {[%emt
00:03:58]} 29. Nd1 {[%clk 00:22:03]} {[%emt 00:14:59]} Ra8 {[%clk 00:12:15]}
{[%emt 00:08:49]} 30. Qc3 {[%clk 00:20:59]} {[%emt 00:01:35]} Ra6 {[%clk
00:11:01]} {[%emt 00:01:43]} 31. a4 {[%clk 00:20:53]} {[%emt 00:00:36]} c5
{[%clk 00:09:06]} {[%emt 00:02:26]} 32. Nb2 {[%clk 00:16:06]} {[%emt 00:05:16]}
d5 {[%clk 00:02:30]} {[%emt 00:07:06]} 33. Qxc5 {[%clk 00:12:19]} {[%emt
00:04:17]} Rc6 {[%emt 00:00:04]} 34. exd5 {[%clk 00:12:20]} {[%emt 00:00:26]}
Nxd5 {[%clk 00:02:46]} {[%emt 00:00:42]} 35. Rxe5 {[%clk 00:10:25]} {[%emt
00:02:25]} Rxc5 {[%clk 00:00:35]} {[%emt 00:02:41]} 36. Rxe6 {[%clk 00:10:44]}
{[%emt 00:00:10]} Rxc2 {[%clk 00:01:03]} {[%emt 00:00:01]} 37. Nc4 {[%clk
00:10:46]} {[%emt 00:00:29]} Kg7 {[%clk 00:00:40]} {[%emt 00:00:53]} 38. Rc6
{[%clk 00:10:08]} {[%emt 00:01:06]} Kf7 {[%clk 00:00:44]} {[%emt 00:00:28]} 39.
Ne5+ {[%clk 00:10:29]} {[%emt 00:00:09]} 1-0